Loading...
Insect flight muscle
| Main Author: | |
|---|---|
| Format: | Printed Book |
| Language: | Undetermined English |
| Published: |
Amsterdam
North Holland Publishing Company
1977
|
| Subjects: |
| LEADER | 00543nam a2200169Ia 4500 | ||
|---|---|---|---|
| 008 | 140306s9999 xx 000 0 und d | ||
| 041 | |a eng | ||
| 082 | |a 595.7 |b TRE/IN | ||
| 100 | |a Tregear, R T | ||
| 245 | |a Insect flight muscle | ||
| 260 | |a Amsterdam |b North Holland Publishing Company |c 1977 | ||
| 300 | |a 305 | ||
| 365 | |b Rs.76 | ||
| 650 | |a Entomology | ||
| 942 | |2 ddc |c BK | ||
| 999 | |c 119949 |d 119949 | ||
| 952 | |0 0 |1 0 |2 ddc |4 0 |6 595_700000000000000_TREIN |7 0 |9 119168 |a KAUHCV |b KAUHCV |d 2001-12-31 |g 76.00 |o 595.7 TRE/IN |p KAU_HCV-3980 |r 2014-03-22 |w 2014-03-22 |y BK | ||